Pittsburgh Basketball: Top 10 All-Time Leaders - Statistics

General Stats
  • This quiz has been taken 12 times
    3 since last reset
  • The average score is 13 of 90
Answer Stats
Category # Player Amount % Correct
Three Pointers Made 7 Blake Hinson 207
67%
Points Per Game 5 Blake Hinson 16.8
67%
Points 1 Charles Smith 2,045
67%
Rebounds 2 Charles Smith 987
67%
Blocks 1 Charles Smith 346
67%
Field Goal Percent 5 Charles Smith 50.0%
67%
Points Per Game 6 Charles Smith 16.8
67%
Points 10 Billy Knight 1,731
33%
Rebounds 4 Billy Knight 938
33%
Field Goal Percent 3 Billy Knight 52.2%
33%
Points Per Game 2 Billy Knight 22.2
33%
Assists 10 Brad Wanamaker 454
33%
Assists 1 Brandin Knight 785
33%
Steals 1 Brandin Knight 298
33%
Three Pointers Made 6 Brandin Knight 209
33%
Points 5 Don Hennon 1,841
33%
Points Per Game 1 Don Hennon 24.2
33%
Steals 7 Jaron Brown 192
33%
Games T5 Jaron Brown 137
33%
Assists 3 Levance Fields 645
33%
Points 7 Michael Young 1,835
33%
Rebounds 7 Michael Young 847
33%
Field Goal Percent 9 Michael Young 48.9%
33%
Games T7 Michael Young 136
33%
Rebounds 1 Sam Clancy 1,342
33%
Blocks 4 Sam Clancy 170
33%
Field Goal Percent 10 Sam Clancy 48.2%
33%
Points 4 Sam Young 1,884
33%
Blocks T9 Sam Young 109
33%
Field Goal Percent 7 Sam Young 49.8%
33%
Games 2 Sam Young 143
33%
Blocks 3 Terrell Brown 173
33%
Blocks 6 Aaron Gray 130
0%
Points 9 Ashton Gibbs 1,748
0%
Three Pointers Made 1 Ashton Gibbs 297
0%
Games T5 Ashton Gibbs 137
0%
Blocks T9 Bobby Martin 109
0%
Rebounds 8 Bob Lazor 841
0%
Points Per Game 10 Brian Generalovich 15.5
0%
Field Goal Percent 1 Brian Shorter 53.8%
0%
Points Per Game 4 Brian Shorter 17.8
0%
Assists 7 Carl Krauser 568
0%
Steals 8 Carl Krauser 190
0%
Three Pointers Made 9 Carl Krauser 190
0%
Steals 6 Carlton Neverson 194
0%
Field Goal Percent 8 Carlton Neverson 49.4%
0%
Blocks 8 Chris Taft 110
0%
Points 2 Clyde Vaughan 2,011
0%
Rebounds 5 Clyde Vaughan 922
0%
Points Per Game 7 Clyde Vaughan 16.8
0%
Games T7 Dante Taylor 136
0%
Assists 4 Darelle Porter 617
0%
Steals 9 Darelle Porter 170
0%
Steals 10 Dwayne Wallace 169
0%
Blocks 2 Eric Mobley 184
0%
Blocks 7 Gary McGhee 114
0%
Blocks 5 Isaac Hawkins 143
0%
Assists 5 James Robinson 604
0%
Games T7 James Robinson 136
0%
Three Pointers Made 10 Jared Wilson-Frame 172
0%
Three Pointers Made 8 Jason Maile 196
0%
Points 6 Jason Matthews 1,840
0%
Three Pointers Made 2 Jason Matthews 259
0%
Rebounds 3 Jerome Lane 970
0%
Field Goal Percent 2 Jerome Lane 52.5%
0%
Assists 8 Jerry McCullough 552
0%
Steals 2 Jerry McCullough 257
0%
Rebounds 10 John Fridley 800
0%
Three Pointers Made 5 Julius Page 210
0%
Games T7 Julius Page 136
0%
Steals 4 Kellii Taylor 202
0%
Field Goal Percent 6 Kent Scott 49.9%
0%
Points Per Game 9 Kent Scott 15.9
0%
Games 1 Lamar Patterson 149
0%
Points 3 Larry Harris 1,914
0%
Field Goal Percent 4 Larry Harris 50.7%
0%
Points Per Game 3 Larry Harris 17.9
0%
Points 8 Ricardo Greer 1,753
0%
Rebounds 6 Ricardo Greer 888
0%
Steals 5 Ricardo Greer 196
0%
Three Pointers Made 4 Ronald Ramon 233
0%
Points Per Game 8 Sammie Ellis 16.5
0%
Assists 2 Sean Miller 744
0%
Three Pointers Made 3 Sean Miller 239
0%
Rebounds 9 Talib Zanna 808
0%
Assists 6 Travon Woodall 580
0%
Games 4 Travon Woodall 139
0%
Games 3 Tyrell Biggs 141
0%
Assists 9 Vonteego Cummings 458
0%
Steals 3 Vonteego Cummings 235
0%
No matching quizzes found
Score Distribution
Percent of People with Each Score
Percentile by Number Answered
Your Score History
You have not taken this quiz since the last reset